[Event "Ceara-ch"]
[Site "Fortaleza"]
[Date "2016.11.27"]
[Round "6"]
[White "De Araujo, Jose Claudio"]
[Black "De Brito Buarque, Hugo Leonardo"]
[Result "1-0"]
[WhiteElo "1750"]
[BlackElo "1933"]
[PlyCount "139"]
[EventDate "2016.11.20"]
[EventType "tourn"]
[EventRounds "9"]
[EventCountry "BRA"]
[SourceTitle "EXT 2018"]
[Source "ChessBase"]
[SourceDate "2017.10.13"]
[SourceVersion "1"]
[SourceVersionDate "2017.10.13"]
[SourceQuality "1"]

1. d4 d5 2. c4 e6 3. Nc3 Nf6 4. Bg5 Be7 5. e3 0-0 6. Nf3 h6 7. Bh4 b6 8. cxd5 Nxd5 9. Bxe7 Qxe7 10. Bd3 Bb7 11. 0-0 Nd7 12. Rc1 c5 13. Bb1 N5f6 14. e4 cxd4 15. Nxd4 Rfd8 16. Qe2 Nc5 17. Rfd1 Rac8 18. f3 Rd7 19. Ndb5 a6 20. e5 Ne8 21. Nd4 Rcd8 22. Qe3 Qg5 23. Qxg5 hxg5 24. Nce2 a5 25. Bc2 Rd5 26. Nb5 Rxd1+ 27. Rxd1 Rxd1+ 28. Bxd1 Ba6 29. Nd6 Nc7 30. Nc1 Nd7 31. Ne4 Nxe5 32. Nxg5 Nd5 33. Kf2 Nb4 34. Be2 Bxe2 35. Kxe2 Kf8 36. a3 Nd5 37. g3 Ke7 38. Nd3 Nc4 39. Ne4 f6 40. Nd2 Nxd2 41. Kxd2 Kd6 42. Nf2 f5 43. Kd3 b5 44. Nd1 Ke5 45. f4+ Kd6 46. Kd4 b4 47. Nf2 bxa3 48. bxa3 Nf6 49. Nd3 Nd7 50. h4 Nf6 51. Nb2 Nh5 52. Nc4+ Ke7 53. Nxa5 Nxg3 54. Ke5 Ne4 55. Nb3 Nd6 56. Nd2 Kd7 57. a4 Nf7+ 58. Kd4 Nd6 59. Nf3 Ne4 60. a5 Nd6 61. Kc5 Kc7 62. Ng5 Nb7+ 63. Kb4 Nd8 64. Kb5 Kb7 65. Nf3 Nc6 66. a6+ Kc7 67. Ng5 Nd8 68. Kc5 Kb8 69. Kd6 Ka7 70. Kd7 1-0

[Event "Ceara-ch"]
[Site "Fortaleza"]
[Date "2016.11.21"]
[Round "2"]
[White "Nunes, Moezio Correia"]
[Black "De Brito Buarque, Hugo Leonardo"]
[Result "1-0"]
[WhiteElo "1684"]
[BlackElo "1933"]
[PlyCount "107"]
[EventDate "2016.11.20"]
[EventType "tourn"]
[EventRounds "9"]
[EventCountry "BRA"]
[SourceTitle "EXT 2018"]
[Source "ChessBase"]
[SourceDate "2017.10.13"]
[SourceVersion "1"]
[SourceVersionDate "2017.10.13"]
[SourceQuality "1"]

1. e4 c5 2. b4 cxb4 3. d4 d5 4. e5 Nc6 5. a3 e6 6. axb4 Bxb4+ 7. c3 Ba5 8. Nf3 Nge7 9. Bd3 0-0 10. Bxh7+ Kh8 11. Bc2 Qe8 12. Qd3 g6 13. Bg5 Rg8 14. Bf6+ Rg7 15. Ng5 Qf8 16. 0-0 Bd8 17. f4 Kg8 18. Rf3 Nf5 19. g4 Nh6 20. Rh3 Nxg4 21. Bxg7 Qxg7 22. Rh7 Qxh7 23. Nxh7 Kxh7 24. Qh3+ Nh6 25. Nd2 Bd7 26. Nf3 Na5 27. Ng5+ Kg7 28. Ba4 b5 29. Bc2 Nc4 30. Qg3 Be8 31. Ra6 Nb6 32. h4 Bd7 33. h5 Nf5 34. Bxf5 exf5 35. e6 Bc8 36. Ra1 Bxg5 37. Qxg5 Bxe6 38. hxg6 a5 39. gxf7+ Kxf7 40. Qh5+ Kf6 41. Qh6+ Kf7 42. Kf2 Nc4 43. Rg1 Ke7 44. Rg6 Bf7 45. Qg5+ Ke8 46. Rg8+ Bxg8 47. Qxg8+ Ke7 48. Qxa8 a4 49. Qb7+ Kd6 50. Qxb5 a3 51. Kg3 Ke6 52. Qc6+ Ke7 53. Qxd5 a2 54. Qb7+ 1-0

[Event "Fortaleza Schoonenborch U2000"]
[Site "Fortaleza"]
[Date "2016.02.14"]
[Round "6"]
[White "Correia, Aristoteles de Jesu"]
[Black "De Brito Buarque, Hugo Leonardo"]
[Result "0-1"]
[WhiteElo "1692"]
[BlackElo "1925"]
[PlyCount "61"]
[EventDate "2016.02.11"]
[EventType "swiss"]
[EventRounds "6"]
[EventCountry "BRA"]
[SourceTitle "CBM 170 Extra"]
[Source "ChessBase"]
[SourceDate "2016.02.25"]
[SourceVersion "1"]
[SourceVersionDate "2016.02.25"]
[SourceQuality "1"]

1. e4 c5 2. Nf3 g6 3. Nc3 Bg7 4. d4 cxd4 5. Nxd4 Nc6 6. Be3 Nf6 7. Be2 0-0 8. Qd2 d5 9. Nxc6 bxc6 10. exd5 cxd5 11. Bh6 e5 12. Bxg7 Kxg7 13. 0-0 Bb7 14. Rab1 d4 15. Na4 Qd5 16. f3 Qc6 17. b3 Nd5 18. Qd3 Rfc8 19. Qe4 Qc7 20. Qd3 Qxc2 21. Nb2 Nf4 22. Qxc2 Rxc2 23. Rf2 Rxe2 24. Rxe2 Nxe2+ 25. Kf2 Nc3 26. Re1 f6 27. a3 Bd5 28. b4 Rb8 29. Nd3 a5 30. Ra1 Bc4 31. Nb2 0-1

[Event "Fortaleza Schoonenborch U2000"]
[Site "Fortaleza"]
[Date "2016.02.14"]
[Round "5"]
[White "De Brito Buarque, Hugo Leonardo"]
[Black "Freitas, Marcos Antonio da C"]
[Result "1/2-1/2"]
[WhiteElo "1925"]
[BlackElo "1976"]
[PlyCount "84"]
[EventDate "2016.02.11"]
[EventType "swiss"]
[EventRounds "6"]
[EventCountry "BRA"]
[SourceTitle "CBM 170 Extra"]
[Source "ChessBase"]
[SourceDate "2016.02.25"]
[SourceVersion "1"]
[SourceVersionDate "2016.02.25"]
[SourceQuality "1"]

1. d4 Nf6 2. c4 g6 3. f3 Bg7 4. Nc3 d6 5. e4 0-0 6. Be3 c6 7. Nge2 a6 8. a4 e5 9. dxe5 dxe5 10. Qxd8 Rxd8 11. Nc1 Be6 12. Be2 Nbd7 13. Kf2 b6 14. b3 a5 15. Nd3 c5 16. Rhd1 Ne8 17. Nd5 Bxd5 18. cxd5 Nd6 19. Nb2 f5 20. Nc4 Nxc4 21. bxc4 f4 22. Bd2 Nb8 23. Rdb1 Rd6 24. Rb5 Na6 25. Rab1 Nb4 26. Bxb4 axb4 27. Ra1 Ra5 28. Bd1 Bf6 29. Bb3 Bd8 30. Rxa5 bxa5 31. Rd1 Be7 32. Rf1 g5 33. Rh1 Rg6 34. h3 Kg7 35. Bc2 Rb6 36. Rb1 Kg6 37. Rb3 Rf6 38. Bd1 h5 39. Be2 Rb6 40. Bd1 Bd6 41. Be2 Be7 42. Bd1 Bd6 1/2-1/2

[Event "Fortaleza Schoonenborch U2000"]
[Site "Fortaleza"]
[Date "2016.02.13"]
[Round "4"]
[White "Souza E Silva, Francisco Welling"]
[Black "De Brito Buarque, Hugo Leonardo"]
[Result "1/2-1/2"]
[WhiteElo "1901"]
[BlackElo "1925"]
[PlyCount "95"]
[EventDate "2016.02.11"]
[EventType "swiss"]
[EventRounds "6"]
[EventCountry "BRA"]
[SourceTitle "CBM 170 Extra"]
[Source "ChessBase"]
[SourceDate "2016.02.25"]
[SourceVersion "1"]
[SourceVersionDate "2016.02.25"]
[SourceQuality "1"]

1. e4 c5 2. b4 cxb4 3. a3 Nc6 4. axb4 Nxb4 5. c3 Nc6 6. d4 d5 7. e5 g6 8. Nf3 Bg7 9. Bd3 Bg4 10. h3 Bxf3 11. Qxf3 e6 12. Na3 a6 13. 0-0 Nge7 14. Bg5 0-0 15. Qg4 b5 16. Nc2 Qd7 17. Rfb1 Ra7 18. Qh4 Rfa8 19. Ne3 Kh8 20. Ng4 Ng8 21. Rb3 Qc8 22. Rba3 Qb8 23. Rd1 Rb7 24. Bf1 a5 25. Rd3 a4 26. Nf6 Nxf6 27. exf6 Bf8 28. Ra1 Na5 29. Rg3 Qc8 30. Bd3 Qe8 31. Bf4 Nc4 32. Rg5 Bd6 33. Rg4 Bxf4 34. Rxf4 Raa7 35. Qg5 b4 36. cxb4 Rxb4 37. Rh4 a3 38. Bxc4 Rxc4 39. Qh6 Qg8 40. Qe3 Rca4 41. Ra2 Qf8 42. Kh2 Rb7 43. Qd2 Rbb4 44. g3 Rb3 45. Qc1 Rc4 46. Qd2 Rcb4 47. Qc1 Rc4 48. Qd2 1/2-1/2

[Event "Fortaleza Schoonenborch U2000"]
[Site "Fortaleza"]
[Date "2016.02.11"]
[Round "1"]
[White "De Brito Buarque, Hugo Leonardo"]
[Black "De Aguiar, Andre Wescley"]
[Result "1-0"]
[WhiteElo "1925"]
[BlackElo "1503"]
[PlyCount "73"]
[EventDate "2016.02.11"]
[EventType "swiss"]
[EventRounds "6"]
[EventCountry "BRA"]
[SourceTitle "CBM 170 Extra"]
[Source "ChessBase"]
[SourceDate "2016.02.25"]
[SourceVersion "1"]
[SourceVersionDate "2016.02.25"]
[SourceQuality "1"]

1. d4 Nf6 2. c4 e6 3. Nf3 d5 4. Bg5 Be7 5. Nc3 0-0 6. e3 c6 7. Rc1 Nbd7 8. Bd3 c5 9. cxd5 Nxd5 10. Bxe7 Nxe7 11. 0-0 cxd4 12. Nxd4 Nf6 13. Qe2 Ned5 14. Rfd1 Qe7 15. Bc4 Nb6 16. Bb3 Rd8 17. e4 e5 18. Nc2 Be6 19. Bxe6 Qxe6 20. Ne3 Rd7 21. Rxd7 Nbxd7 22. Ned5 Nxd5 23. Nxd5 Qh6 24. Rd1 Nb6 25. Qb5 Nxd5 26. Qxd5 g6 27. Qxb7 Qf8 28. Qd5 Re8 29. a3 Qe7 30. b4 Kf8 31. Qd6 Qxd6 32. Rxd6 Ke7 33. Ra6 Ra8 34. Kf1 Kd7 35. Ke2 Kc7 36. Ra5 f6 37. Ra6 1-0

[Event "Fortaleza Cearense Cup"]
[Site "Fortaleza"]
[Date "2015.12.12"]
[Round "4"]
[White "Palacio, Igor Da Paz"]
[Black "De Brito Buarque, Hugo Leonardo"]
[Result "1-0"]
[WhiteElo "2108"]
[BlackElo "1920"]
[PlyCount "119"]
[EventDate "2015.12.10"]
[EventType "swiss"]
[EventRounds "6"]
[EventCountry "BRA"]
[SourceTitle "EXT 2017"]
[Source "ChessBase"]
[SourceDate "2016.10.25"]
[SourceVersion "1"]
[SourceVersionDate "2016.10.25"]
[SourceQuality "1"]

1. e4 c5 2. Nc3 g6 3. g3 Bg7 4. Bg2 Nc6 5. d3 d6 6. f4 e6 7. Nf3 Nge7 8. 0-0 0-0 9. Be3 Nd4 10. e5 Nef5 11. Bf2 Nxf3+ 12. Bxf3 dxe5 13. Bxc5 exf4 14. gxf4 Bd4+ 15. Bxd4 Qxd4+ 16. Rf2 Bd7 17. Ne4 f6 18. c3 Qb6 19. d4 Bc6 20. Nc5 Rfe8 21. Bxc6 Qxc6 22. Qf3 Qxf3 23. Rxf3 b6 24. Ne4 Kg7 25. Re1 Rad8 26. Ng3 Nxg3 27. hxg3 f5 28. Rfe3 Kf7 29. Re5 Rd5 30. Rxd5 exd5 31. Re5 Rd8 32. Kf2 b5 33. Ke2 a6 34. Kd3 Kf6 35. b3 h5 36. c4 bxc4+ 37. bxc4 dxc4+ 38. Kxc4 g5 39. d5 gxf4 40. gxf4 h4 41. Re6+ Kg7 42. Rxa6 h3 43. Ra3 Rh8 44. Rg3+ Kf7 45. Rg1 h2 46. Rh1 Ke7 47. Kc5 Kd7 48. a4 Rh3 49. a5 Rc3+ 50. Kd4 Rc2 51. Ke5 Ra2 52. a6 Re2+ 53. Kxf5 Kd6 54. a7 Ra2 55. Rxh2 Rxa7 56. Rd2 Ra8 57. Kg6 Rd8 58. f5 Ke7 59. f6+ Kf8 60. Rh2 1-0

[Event "Fortaleza Costa Memorial"]
[Site "Fortaleza"]
[Date "2015.11.28"]
[Round "4"]
[White "De Brito Buarque, Hugo Leonardo"]
[Black "Gondim, Ibrahim Mendelssohn"]
[Result "1/2-1/2"]
[WhiteElo "1920"]
[BlackElo "1793"]
[PlyCount "33"]
[EventDate "2015.11.26"]
[EventType "swiss"]
[EventRounds "5"]
[EventCountry "BRA"]
[SourceTitle "CBM 169 Extra"]
[Source "ChessBase"]
[SourceDate "2015.12.18"]
[SourceVersion "1"]
[SourceVersionDate "2015.12.18"]
[SourceQuality "1"]

1. c4 f5 2. Nc3 e6 3. g3 Nf6 4. Bg2 d5 5. cxd5 exd5 6. d3 Be7 7. Nf3 0-0 8. 0-0 c6 9. e4 fxe4 10. dxe4 Nxe4 11. Nxe4 dxe4 12. Nd2 Kh8 13. Nxe4 Qxd1 14. Rxd1 Nd7 15. Be3 Ne5 16. Bf4 Ng6 17. Bd6 1/2-1/2

[Event "BRA-ch Amateur"]
[Site "Sao Paulo"]
[Date "2015.04.03"]
[Round "6"]
[White "Carlos, Roberta Souto"]
[Black "De Brito Buarque, Hugo Leonardo"]
[Result "1/2-1/2"]
[WhiteElo "1682"]
[BlackElo "1992"]
[PlyCount "43"]
[EventDate "2015.04.30"]
[EventType "swiss"]
[EventRounds "7"]
[EventCountry "BRA"]
[SourceTitle "EXT 2022"]
[Source "ChessBase"]
[SourceDate "2021.10.06"]
[SourceVersion "1"]
[SourceVersionDate "2021.10.06"]
[SourceQuality "1"]

1. d4 d5 2. c4 e6 3. Nc3 Nf6 4. e3 Be7 5. Nf3 0-0 6. Bd3 Nbd7 7. c5 c6 8. 0-0 b6 9. b4 a5 10. b5 bxc5 11. bxc6 Nb8 12. Bb5 Ba6 13. a4 Qc7 14. dxc5 Nxc6 15. Ba3 Nd7 16. Nd4 Bb7 17. Nb3 Nb4 18. e4 Nxc5 19. exd5 Nxb3 20. Qxb3 exd5 21. Bxb4 Bxb4 22. Nxd5 1/2-1/2

[Event "BRA-ch Amateur"]
[Site "Sao Paulo"]
[Date "2015.04.01"]
[Round "2"]
[White "Ferreira, Rafael Cassoni Buel"]
[Black "De Brito Buarque, Hugo Leonardo"]
[Result "0-1"]
[WhiteElo "1569"]
[BlackElo "1992"]
[PlyCount "116"]
[EventDate "2015.04.30"]
[EventType "swiss"]
[EventRounds "7"]
[EventCountry "BRA"]
[SourceTitle "EXT 2022"]
[Source "ChessBase"]
[SourceDate "2021.10.06"]
[SourceVersion "1"]
[SourceVersionDate "2021.10.06"]
[SourceQuality "1"]

1. e4 c5 2. Nf3 g6 3. d4 cxd4 4. Nxd4 Nc6 5. Nxc6 bxc6 6. Bc4 Nf6 7. Qf3 Bg7 8. e5 Qa5+ 9. Qc3 Qxc3+ 10. Nxc3 Ng4 11. f4 0-0 12. h3 Nh6 13. Be3 d6 14. exd6 exd6 15. 0-0-0 Nf5 16. Bf2 d5 17. Bb3 Bh6 18. g3 Be6 19. Kb1 Rfc8 20. g4 Nd6 21. g5 Bg7 22. Bg3 Bf5 23. Rde1 Ne4 24. Nxe4 Bxe4 25. Rh2 a5 26. Ba4 Rab8 27. a3 Rxb2+ 28. Kc1 Ra2 29. Re3 Ra1+ 30. Kd2 Bb2 31. h4 Bc1+ 32. Ke2 Bxe3 33. Kxe3 Rxa3+ 34. Kf2 Rxa4 35. h5 gxh5 36. Rxh5 Ra2 37. Ke3 Rxc2 38. Kd4 c5+ 39. Ke5 Re8+ 40. Kd6 a4 41. f5 Bxf5 42. g6 fxg6 43. Rh4 d4 44. Be5 a3 45. Rh1 a2 46. Kc6 Rxe5 47. Kb5 Rc3 48. Rg1 Bb1 49. Rg3 a1Q 50. Rxc3 Qxc3 51. Kc6 c4 52. Kd6 d3 53. Kc6 Kf7 54. Kd7 Qd4+ 55. Kc6 Qd5+ 56. Kc7 Re6 57. Kc8 Re7 58. Kb8 Qd8# 0-1

[Event "Farias Brito Cearense-ch 55th"]
[Site "Farias Brito"]
[Date "2013.12.15"]
[Round "6"]
[White "Gondim, Ibrahim Mendelssohn"]
[Black "De Brito Buarque, Hugo Leonardo"]
[Result "0-1"]
[WhiteElo "1834"]
[BlackElo "1994"]
[PlyCount "84"]
[EventDate "2013.12.12"]
[EventType "swiss"]
[EventRounds "6"]
[EventCountry "BRA"]
[SourceTitle "CBM 158 Extra"]
[Source "ChessBase"]
[SourceDate "2014.02.28"]
[SourceVersion "1"]
[SourceVersionDate "2014.02.28"]
[SourceQuality "1"]

1. Nf3 g6 2. d4 Nf6 3. c3 d5 4. Bf4 Bg7 5. h3 0-0 6. e3 c6 7. Bd3 Nbd7 8. Nbd2 Re8 9. 0-0 Nh5 10. Bh2 e5 11. dxe5 Bxe5 12. Nxe5 Nxe5 13. Bxe5 Rxe5 14. Nf3 Re8 15. c4 Be6 16. Nd4 Qb6 17. Nxe6 fxe6 18. b3 Rad8 19. Qc2 Qc5 20. cxd5 Qxc2 21. Bxc2 exd5 22. Rad1 Nf6 23. Rd2 Re5 24. Rfd1 Rde8 25. Kf1 a6 26. b4 Rf8 27. Rd4 Kg7 28. a4 Ne8 29. e4 Nc7 30. exd5 Nxd5 31. Kg1 Re2 32. Bd3 Rb2 33. b5 axb5 34. axb5 Rfxf2 35. Re1 Rxg2+ 36. Kh1 Rh2+ 37. Kg1 Rxh3 38. Be4 Rxb5 39. Bxd5 Rxd5 40. Rxd5 cxd5 41. Re7+ Kf6 42. Rxb7 Ke5 0-1

[Event "Fortaleza Borges Memorial 11th"]
[Site "Fortaleza"]
[Date "2013.12.07"]
[Round "6.3"]
[White "De Brito Buarque, Hugo Leonardo"]
[Black "Parente, Renan Braz"]
[Result "0-1"]
[WhiteElo "1994"]
[BlackElo "2004"]
[PlyCount "84"]
[EventDate "2013.11.26"]
[EventType "swiss"]
[EventRounds "6"]
[EventCountry "BRA"]
[SourceTitle "EXT 2022"]
[Source "ChessBase"]
[SourceDate "2021.10.06"]
[SourceVersion "1"]
[SourceVersionDate "2021.10.06"]
[SourceQuality "1"]

1. d4 Nf6 2. c4 c5 3. d5 b5 4. cxb5 a6 5. bxa6 Bxa6 6. Nc3 g6 7. Nf3 Bg7 8. g3 0-0 9. Bg2 d6 10. 0-0 Nbd7 11. Qc2 Qa5 12. Rd1 Rfb8 13. Rb1 Nb6 14. b3 Bb7 15. e4 Ng4 16. Bd2 Qa3 17. h3 Ne5 18. Nxe5 Bxe5 19. Bc1 Qb4 20. Bd2 Qa3 21. Bf1 Bc8 22. Ra1 Bd7 23. Bc1 Qb4 24. Bb2 c4 25. Rab1 f5 26. bxc4 Nxc4 27. Ba1 Na3 28. Rxb4 Nxc2 29. Rc4 Nxa1 30. Rxa1 Rc8 31. Rc1 Rxc4 32. Bxc4 Rc8 33. Ne2 fxe4 34. Kg2 Kf7 35. Bb3 Rxc1 36. Nxc1 Bb5 37. Bc2 Bb2 38. Nb3 Bd3 39. Bxd3 exd3 40. Kf3 Bc1 41. a4 Ke8 42. h4 Kd7 0-1

[Event "Recife Arraes Memorial 6th"]
[Site "Recife"]
[Date "2013.06.08"]
[Round "5"]
[White "De Brito Buarque, Hugo Leonardo"]
[Black "Rocha, Vitor Firmo de Souz"]
[Result "0-1"]
[WhiteElo "1994"]
[BlackElo "2022"]
[PlyCount "132"]
[EventDate "2013.06.06"]
[EventType "swiss"]
[EventRounds "7"]
[EventCountry "BRA"]
[SourceTitle "EXT 2014"]
[Source "ChessBase"]
[SourceDate "2013.11.20"]
[SourceVersion "1"]
[SourceVersionDate "2013.11.20"]
[SourceQuality "1"]

1. d4 f5 2. g3 Nf6 3. c4 g6 4. Bg2 Bg7 5. Nc3 0-0 6. e3 d6 7. Nge2 Nc6 8. 0-0 e5 9. d5 Nb8 10. e4 Nbd7 11. Qc2 fxe4 12. Be3 Ng4 13. Bxe4 Nxe3 14. fxe3 Qg5 15. Rxf8+ Nxf8 16. Qd3 Bh6 17. Nd1 Nd7 18. Bg2 Nc5 19. Qc2 a5 20. Nec3 Bg4 21. e4 Rf8 22. a3 a4 23. Nf2 Qe3 24. Rf1 Nb3 25. Kh1 Nd4 26. Nxg4 Nxc2 27. Nxe3 Nxe3 28. Rxf8+ Kxf8 29. Nxa4 Nxc4 30. Bf1 Ne3 31. Be2 Nc2 32. Nc3 Bc1 33. Nd1 Nd4 34. Bd3 Ke7 35. a4 Kd7 36. Kg2 c6 37. h4 cxd5 38. exd5 Kc7 39. h5 Nf5 40. g4 Ne7 41. hxg6 hxg6 42. Be4 Kb6 43. b3 Kc5 44. Nf2 Kd4 45. Kf3 g5 46. Nd3 Bd2 47. Nb2 Bb4 48. Nc4 Kc3 49. Ne3 Kxb3 50. Bc2+ Kc3 51. Ke4 Bc5 52. Nf5 Ng8 53. Ng7 Kxc2 54. Kf5 Ne7+ 55. Ke6 Nc8 56. Nf5 e4 57. Kf6 e3 58. Ng3 Kd1 59. Kxg5 e2 60. Nxe2 Kxe2 61. Kf5 Ne7+ 62. Ke6 Ng6 63. Kf6 Ne5 64. g5 b6 65. g6 Nxg6 66. Kxg6 Kd3 0-1

[Event "Fortaleza Alves memorial 17th"]
[Site "Fortaleza"]
[Date "2013.05.18"]
[Round "4"]
[White "De Brito Buarque, Hugo Leonardo"]
[Black "Costa, Edvaldo da Cruz"]
[Result "1-0"]
[WhiteElo "1994"]
[BlackElo "1568"]
[PlyCount "109"]
[EventDate "2013.05.17"]
[EventType "swiss"]
[EventRounds "6"]
[EventCountry "BRA"]
[SourceTitle "CBM 154 Extra"]
[Source "ChessBase"]
[SourceDate "2013.06.25"]
[SourceVersion "2"]
[SourceVersionDate "2013.06.25"]
[SourceQuality "1"]

1. d4 d5 2. c4 c6 3. Nc3 Nf6 4. Nf3 e6 5. Bg5 Be7 6. e3 0-0 7. Bd3 h6 8. Bh4 Nbd7 9. 0-0 Re8 10. Rc1 b6 11. cxd5 cxd5 12. Bg3 a6 13. Na4 Ra7 14. h3 Ne4 15. Bxe4 dxe4 16. Nd2 Nf6 17. Qc2 Bd7 18. Nc3 Bc6 19. Ncxe4 Nxe4 20. Nxe4 Bb5 21. Rfd1 a5 22. Bc7 Qd5 23. Nc3 Rxc7 24. Nxd5 Rxc2 25. Nxe7+ Rxe7 26. Rxc2 a4 27. Rdc1 Ba6 28. Rc6 Rb7 29. Rc8+ Kh7 30. R8c7 a3 31. bxa3 b5 32. Rxb7 Bxb7 33. Rc7 Bd5 34. Rc5 Bxa2 35. Rxb5 Kg6 36. a4 Kf6 37. Rb7 Bd5 38. Rc7 e5 39. dxe5+ Kxe5 40. a5 Kd6 41. Rc1 Bc6 42. f3 Kc7 43. e4 Kb7 44. Rb1+ Ka7 45. Rb6 Bb7 46. Kf2 g6 47. h4 Bc8 48. g4 Be6 49. Kg3 Bd7 50. h5 Be8 51. e5 gxh5 52. Rxh6 hxg4 53. Kxg4 Bd7+ 54. Kg5 Be6 55. Rxe6 1-0

[Event "BRA-ch sf-B"]
[Site "Fortaleza"]
[Date "2012.11.03"]
[Round "5"]
[White "De Brito Buarque, Hugo Leonardo"]
[Black "Rodrigues, Francisco Arimateia"]
[Result "1-0"]
[WhiteElo "1998"]
[BlackElo "1614"]
[PlyCount "77"]
[EventDate "2012.11.01"]
[EventType "swiss"]
[EventRounds "8"]
[EventCountry "BRA"]
[SourceTitle "EXT 2013"]
[Source "ChessBase"]
[SourceDate "2012.11.22"]
[SourceVersion "1"]
[SourceVersionDate "2012.11.22"]
[SourceQuality "1"]

1. d4 Nf6 2. c4 g6 3. Nc3 Bg7 4. e4 d6 5. f3 Nbd7 6. Be3 0-0 7. Nge2 c5 8. d5 a6 9. Nc1 Ne5 10. Be2 h6 11. 0-0 Nh7 12. f4 Nd7 13. f5 g5 14. Nd3 Ne5 15. Nf2 Bd7 16. Qd2 Be8 17. a4 Kh8 18. Ra3 Rg8 19. Rb1 Bf6 20. b4 b6 21. bxc5 bxc5 22. a5 Nf8 23. Na4 Nfd7 24. Nb6 Rb8 25. Rab3 Rg7 26. Ng4 Nxg4 27. Bxg4 Ne5 28. Be2 Nd7 29. Kf1 Be5 30. g3 f6 31. Qc2 Nf8 32. Bd2 Rh7 33. Bc3 Nd7 34. Nxd7 Bxd7 35. Rxb8 Bc8 36. Bxe5 fxe5 37. R1b6 Kg7 38. Qb3 Qc7 39. Rc6 1-0

[Event "BRA-ch sf-B"]
[Site "Fortaleza"]
[Date "2012.11.03"]
[Round "6"]
[White "Souza Neves, Andrey Marcelo"]
[Black "De Brito Buarque, Hugo Leonardo"]
[Result "1-0"]
[WhiteElo "2152"]
[BlackElo "1998"]
[PlyCount "97"]
[EventDate "2012.11.01"]
[EventType "swiss"]
[EventRounds "8"]
[EventCountry "BRA"]
[SourceTitle "EXT 2013"]
[Source "ChessBase"]
[SourceDate "2012.11.22"]
[SourceVersion "1"]
[SourceVersionDate "2012.11.22"]
[SourceQuality "1"]

1. e4 c5 2. Nf3 g6 3. d3 Bg7 4. g3 Nc6 5. Bg2 d6 6. 0-0 Bd7 7. h3 b5 8. c3 Rb8 9. d4 c4 10. d5 Ne5 11. Nxe5 dxe5 12. b3 f5 13. bxc4 bxc4 14. Nd2 Qc8 15. Ba3 Nh6 16. Rb1 Rxb1 17. Qxb1 Nf7 18. Re1 Bf6 19. Qb4 Nd6 20. Qa5 Nb5 21. Bb2 a6 22. a4 Nd6 23. Ba3 fxe4 24. Bxd6 exd6 25. Nxe4 Be7 26. f4 0-0 27. fxe5 Bd8 28. Qb4 dxe5 29. Kh2 a5 30. Qc5 Qa6 31. d6 Re8 32. Bf1 Qc8 33. Qxc8 Bxc8 34. Bxc4+ Kg7 35. Nc5 Bf6 36. d7 Bxd7 37. Nxd7 Rc8 38. Re4 Rc7 39. Nxf6 Kxf6 40. g4 h5 41. Kg3 hxg4 42. hxg4 Rc5 43. Kf3 Kg5 44. Ke3 Kh4 45. Kd3 Kg3 46. Be6 Kf3 47. c4 g5 48. Bd5 Kg3 49. Rxe5 1-0

[Event "Fortaleza Borges Memorial"]
[Site "Fortaleza"]
[Date "2012.06.30"]
[Round "7"]
[White "De Brito Buarque, Hugo Leonardo"]
[Black "Lima Neto, Pedro"]
[Result "1/2-1/2"]
[WhiteElo "1930"]
[BlackElo "2049"]
[PlyCount "42"]
[EventDate "2012.06.14"]
[EventType "swiss"]
[EventRounds "7"]
[EventCountry "BRA"]
[SourceTitle "CBM 149 Extra"]
[Source "ChessBase"]
[SourceDate "2012.08.24"]
[SourceVersion "1"]
[SourceVersionDate "2012.08.24"]
[SourceQuality "1"]

1. d4 d5 2. c4 c6 3. Nc3 Nf6 4. e3 e6 5. Bd3 Bd6 6. Nf3 Nbd7 7. 0-0 0-0 8. e4 dxe4 9. Nxe4 Nxe4 10. Bxe4 h6 11. Re1 Qc7 12. Qc2 b6 13. b3 Bb7 14. h3 Nf6 15. c5 Be7 16. Bb2 Rfd8 17. Rac1 Rac8 18. Ne5 Nxe4 19. Qxe4 Bf6 20. b4 Bxe5 21. Qxe5 Qxe5 1/2-1/2

[Event "Fortaleza Borges Memorial"]
[Site "Fortaleza"]
[Date "2012.06.26"]
[Round "5"]
[White "De Sousa Filho, Aloisio Lopes"]
[Black "De Brito Buarque, Hugo Leonardo"]
[Result "0-1"]
[WhiteElo "1847"]
[BlackElo "1930"]
[PlyCount "132"]
[EventDate "2012.06.14"]
[EventType "swiss"]
[EventRounds "7"]
[EventCountry "BRA"]
[SourceTitle "CBM 149 Extra"]
[Source "ChessBase"]
[SourceDate "2012.08.24"]
[SourceVersion "1"]
[SourceVersionDate "2012.08.24"]
[SourceQuality "1"]

1. d3 d5 2. g3 Nf6 3. Nf3 g6 4. Bg2 Bg7 5. 0-0 c6 6. c3 Nbd7 7. Qc2 0-0 8. e4 dxe4 9. dxe4 Qc7 10. Re1 e5 11. h3 b5 12. Be3 Bb7 13. a4 a6 14. Nbd2 Rfc8 15. c4 b4 16. c5 a5 17. Nc4 Ba6 18. Nd6 Rf8 19. Red1 h6 20. Rd2 Ra7 21. Bf1 Bxf1 22. Rxf1 Qd8 23. Rfd1 Qe7 24. Rd3 Kh7 25. Qc4 Nb8 26. b3 Rc7 27. Bc1 Nfd7 28. g4 Qe6 29. Qc2 Na6 30. Be3 f6 31. Kh2 Nab8 32. Nc4 Ra7 33. Rd6 Qg8 34. Nfd2 Rf7 35. Nb6 Bf8 36. Rd3 Be7 37. Nf3 Qe8 38. Nxd7 Nxd7 39. Qc4 Bf8 40. Qc2 Rc7 41. Kg2 Rg7 42. Kh2 Qa8 43. Rc1 Be7 44. Qd2 Qa7 45. Bxh6 Rf7 46. Be3 Bxc5 47. g5 Bxe3 48. Rxe3 Nc5 49. Qc2 Ne6 50. gxf6 Nd4 51. Ng5+ Kh6 52. Nxf7+ Rxf7 53. Qd2 Kh7 54. f3 Rxf6 55. Rf1 Qf7 56. Qf2 Nxb3 57. Qa2 Nd4 58. Qxf7+ Rxf7 59. Kg2 g5 60. Rc1 Rb7 61. Kf1 b3 62. Rec3 Rb4 63. Ke1 Rxa4 64. Rc5 Ra2 65. Rb1 a4 66. Kd1 Rh2 0-1

[Event "Fortaleza Alves Memorial 16th"]
[Site "Fortaleza"]
[Date "2012.05.20"]
[Round "4"]
[White "Da Silva, Jose Gomes"]
[Black "De Brito Buarque, Hugo Leonardo"]
[Result "0-1"]
[WhiteElo "1838"]
[BlackElo "1930"]
[PlyCount "46"]
[EventDate "2012.05.18"]
[EventType "swiss"]
[EventRounds "5"]
[EventCountry "BRA"]
[SourceTitle "CBM 148 Extra"]
[Source "ChessBase"]
[SourceDate "2012.06.22"]
[SourceVersion "1"]
[SourceVersionDate "2012.06.22"]
[SourceQuality "1"]

1. Nf3 c5 2. d4 cxd4 3. Nxd4 g6 4. g3 Nc6 5. e3 Bg7 6. Bg2 Nf6 7. 0-0 0-0 8. c3 a6 9. Nd2 Qc7 10. e4 d6 11. Re1 Nd7 12. N2f3 Nde5 13. Nxe5 Nxe5 14. Qc2 Re8 15. b3 Rb8 16. Bb2 b5 17. f4 Nd7 18. Rac1 Qb6 19. Kh1 Bb7 20. e5 dxe5 21. fxe5 Nxe5 22. Bxb7 Qxb7+ 23. Qe4 Nd3 0-1